000 00356 a2200145 4500
001 154032
040 _cEscola São Tomás de Aquino
100 _aANDRADE, Carlos Drummond de
240 1 0 _aHistórias para o rei
_lpor
245 1 0 _aHistórias para o rei
362 0 _a1997
440 1 _aRecord
697 _aCRÔNICA, CONTO, NOVELA,CARTAS
942 _cBK
999 _c154032
_d154032